Uplatnenie moderných vyučovacích metód v tématickom celku Trh a trhový mechanizmus

Využitie progresívnych alebo tzv. aktivizujúcich vyučovacích metód vo vybraných témach tematického celku trh a trhový mechanizmus. Tieto metódy sa označujú aj ako moderné vyučovacie metódy. Ich význam vo výchovno-vzdelávacom procese. Uplatnenie aj klasických vyučovacích metód v podnikovej ekonomike.

Salvato in:
Dettagli Bibliografici
Autore principale: Gallová, Anna
Natura: Capitolo di libro
Lingua:slovacco
Soggetti:
Tags: Aggiungi Tag
Nessun Tag, puoi essere il primo ad aggiungerne!!

MARC

LEADER 00000nla$a2200000$$$4500
001 0073478
005 20231215104506.9
041 0 |a slo 
044 |a SK 
245 1 0 |a Uplatnenie moderných vyučovacích metód v tématickom celku Trh a trhový mechanizmus  |c Anna Gallová 
520 |a Využitie progresívnych alebo tzv. aktivizujúcich vyučovacích metód vo vybraných témach tematického celku trh a trhový mechanizmus. Tieto metódy sa označujú aj ako moderné vyučovacie metódy. Ich význam vo výchovno-vzdelávacom procese. Uplatnenie aj klasických vyučovacích metód v podnikovej ekonomike. 
610 2 0 |a vzdelávanie 
610 2 0 |a vyučovanie 
610 2 0 |a didaktika 
610 2 0 |a mechanizmus trhový 
100 1 |a Gallová, Anna